[Event "West Wales op"]
[Site "Swansea"]
[Date "2019.10.12"]
[Round "3"]
[White "Hilton, Tim"]
[Black "Makkar, Rajat"]
[Result "1-0"]
[WhiteElo "1868"]
[BlackElo "2135"]
[PlyCount "51"]
[EventDate "2019.10.11"]
[EventType "swiss"]
[EventRounds "5"]
[EventCountry "WLS"]
[SourceTitle "EXT 2022"]
[Source "ChessBase"]
[SourceDate "2021.10.06"]
[SourceVersion "1"]
[SourceVersionDate "2021.10.06"]
[SourceQuality "1"]

1. d4 d5 2. Nc3 Nf6 3. Bf4 e6 4. e3 Bb4 5. Bd3 0-0 6. Nf3 b6 7. 0-0 Bb7 8. a3 Bd6 9. Ne5 a6 10. Qf3 Nbd7 11. Qh3 g6 12. Ne2 Bxe5 13. dxe5 Nh5 14. Bh6 Re8 15. g4 Ng7 16. f4 c5 17. c3 Bc8 18. Bg5 Qc7 19. Qh6 f5 20. exf6 Nxf6 21. Bxf6 Qf7 22. Be5 Bb7 23. h4 Qe7 24. h5 Nf5 25. gxf5 gxf5 26. Rf3 1-0

[Event "GBR-ch Major 106th"]
[Site "Torquay"]
[Date "2019.08.03"]
[Round "8"]
[White "Miller, George"]
[Black "Hilton, Tim"]
[Result "1-0"]
[WhiteElo "1891"]
[BlackElo "1892"]
[PlyCount "75"]
[EventDate "2019.07.27"]
[EventType "swiss"]
[EventRounds "9"]
[EventCountry "ENG"]
[SourceTitle "EXT 2020"]
[Source "ChessBase"]
[SourceDate "2019.10.17"]
[SourceVersion "1"]
[SourceVersionDate "2019.10.17"]
[SourceQuality "1"]

1. Nc3 d5 2. e4 e6 3. d4 Bb4 4. e5 c5 5. a3 Bxc3+ 6. bxc3 Ne7 7. Qg4 Qc7 8. Qxg7 Rg8 9. Qxh7 cxd4 10. Qd3 Qxe5+ 11. Ne2 dxc3 12. Bf4 Qf5 13. Qxf5 Nxf5 14. Nxc3 Nc6 15. 0-0-0 Bd7 16. Nb5 Rc8 17. Nd6+ Nxd6 18. Bxd6 Na5 19. h4 Ba4 20. Bd3 Kd7 21. Bg3 Nc4 22. h5 Nxa3 23. Rd2 Nc4 24. Bxc4 Rxc4 25. h6 f6 26. Kb2 Bc6 27. c3 e5 28. f4 e4 29. Bf2 a6 30. g4 Ke6 31. Bd4 Rh8 32. g5 Rxd4 33. cxd4 Kf5 34. Rg2 fxg5 35. fxg5 Kg6 36. Rf1 e3 37. Rf6+ Kh5 38. Re6 1-0

[Event "North Wales op 4th"]
[Site "Llandudno"]
[Date "2019.06.23"]
[Round "4"]
[White "Hilton, Tim"]
[Black "Van Kemenade, Rudy"]
[Result "0-1"]
[WhiteElo "1899"]
[BlackElo "1931"]
[PlyCount "42"]
[EventDate "2019.06.21"]
[EventType "swiss"]
[EventRounds "5"]
[EventCountry "WLS"]
[SourceTitle "EXT 2020"]
[Source "ChessBase"]
[SourceDate "2019.10.17"]
[SourceVersion "1"]
[SourceVersionDate "2019.10.17"]
[SourceQuality "1"]

1. c4 e5 2. g3 Nc6 3. Bg2 f5 4. Nc3 Nf6 5. e3 g6 6. Nge2 Bg7 7. 0-0 0-0 8. Rb1 a5 9. a3 d6 10. b4 axb4 11. axb4 e4 12. Qb3 Ne5 13. Nf4 c6 14. b5 g5 15. Nfe2 Qe8 16. Ba3 c5 17. Nd5 Nf3+ 18. Bxf3 exf3 19. Nec3 Qh5 20. Nxf6+ Rxf6 21. Nd5 Qh3 0-1

[Event "BCF-chT3N 1819 (4NCL)"]
[Site "England"]
[Date "2019.02.10"]
[Round "6.53"]
[White "White, Mark"]
[Black "Hilton, Tim"]
[Result "1/2-1/2"]
[WhiteElo "2024"]
[BlackElo "1960"]
[PlyCount "83"]
[EventDate "2018.11.10"]
[EventType "team-swiss"]
[EventRounds "11"]
[EventCountry "ENG"]
[SourceTitle "EXT 2021"]
[Source "ChessBase"]
[SourceDate "2020.10.23"]
[SourceVersion "1"]
[SourceVersionDate "2020.10.23"]
[SourceQuality "1"]
[WhiteTeam "Jorvik"]
[BlackTeam "Manchester Manticores III"]
[WhiteTeamCountry "ENG"]
[BlackTeamCountry "ENG"]

1. e4 c5 2. Nf3 g6 3. d4 cxd4 4. Nxd4 Nc6 5. Nc3 Bg7 6. Be3 Nf6 7. f3 0-0 8. Qd2 d5 9. Nxc6 bxc6 10. e5 Ne8 11. f4 Nc7 12. Be2 Ne6 13. Rd1 f6 14. exf6 Bxf6 15. Bg4 Rb8 16. b3 Qa5 17. Bxe6+ Bxe6 18. Na4 Qc7 19. 0-0 Bg4 20. Rde1 e5 21. h3 Bf5 22. fxe5 Bxe5 23. Kh1 Rfe8 24. Nc5 Qd6 25. Nd3 Bg3 26. Rd1 d4 27. Bf4 Bxf4 28. Nxf4 Rbd8 29. b4 Qf6 30. Nd3 Re3 31. Nc5 Qh4 32. Qf2 Qg5 33. Qf4 Qxf4 34. Rxf4 Bxc2 35. Rfxd4 Rxd4 36. Rxd4 Ra3 37. Rd6 Rxa2 38. Rxc6 Rb2 39. Rc7 Rxb4 40. Rxa7 Bf5 41. g4 Be4+ 42. Nxe4 1/2-1/2

[Event "Harrogate 4NCL op-B 21st"]
[Site "Harrogate"]
[Date "2019.01.18"]
[Round "1"]
[White "Hilton, Tim"]
[Black "Cast, Julian"]
[Result "1/2-1/2"]
[WhiteElo "1781"]
[BlackElo "1982"]
[PlyCount "59"]
[EventDate "2019.01.18"]
[EventType "swiss"]
[EventRounds "5"]
[EventCountry "ENG"]
[SourceTitle "CBM 188 Extra"]
[Source "ChessBase"]
[SourceDate "2019.02.26"]
[SourceVersion "1"]
[SourceVersionDate "2019.02.26"]
[SourceQuality "1"]

1. c4 f5 2. Nc3 Nf6 3. d4 e6 4. Qc2 d6 5. Nf3 Be7 6. e4 0-0 7. Bd3 g6 8. h4 Nh5 9. Bh6 Re8 10. 0-0-0 Na6 11. a3 c5 12. d5 Bf8 13. Bxf8 Rxf8 14. dxe6 Bxe6 15. Ng5 Nf4 16. Nxe6 Nxe6 17. Nb5 Nac7 18. exf5 Nxb5 19. cxb5 Nd4 20. Qc3 Rxf5 21. f3 Re5 22. Rde1 Rxe1+ 23. Qxe1 Qf8 24. Bc4+ Kg7 25. Qe4 Re8 26. Qxb7+ Re7 27. Qd5 Re5 28. Qb7+ Re7 29. Qd5 Re5 30. Qb7+ 1/2-1/2

[Event "Shropshire op"]
[Site "Telford"]
[Date "2019.01.05"]
[Round "2"]
[White "Hilton, Tim"]
[Black "Hynes, Anthony"]
[Result "0-1"]
[WhiteElo "1781"]
[BlackElo "2093"]
[PlyCount "82"]
[EventDate "2019.01.04"]
[EventType "swiss"]
[EventRounds "5"]
[EventCountry "ENG"]
[SourceTitle "CBM 188 Extra"]
[Source "ChessBase"]
[SourceDate "2019.02.26"]
[SourceVersion "1"]
[SourceVersionDate "2019.02.26"]
[SourceQuality "1"]

1. c4 e5 2. Nc3 Nc6 3. Nf3 g6 4. e3 Bg7 5. Be2 Nge7 6. d4 d6 7. 0-0 0-0 8. a3 Re8 9. d5 Nb8 10. b4 e4 11. Nd4 Nf5 12. Bb2 Nxd4 13. exd4 Qf6 14. Na4 Nd7 15. Qb3 Qe7 16. c5 Nf6 17. b5 Bf5 18. b6 cxb6 19. cxb6 a6 20. Rac1 Rac8 21. Rxc8 Rxc8 22. Rc1 Qd7 23. Rxc8+ Qxc8 24. Nc3 Bh6 25. Nd1 Bc1 26. Bc3 Bd7 27. a4 Qe8 28. a5 Ba4 29. Qb1 Bh6 30. Bc4 Qc8 31. Nb2 Bb5 32. Qa2 Bxc4 33. Qxc4 Qxc4 34. Nxc4 Nxd5 35. Nxd6 Nxc3 36. Nxb7 Ne2+ 37. Kf1 Nxd4 38. Nc5 Nc6 39. b7 Nb8 40. Nxe4 f5 41. Nd6 Kf8 0-1

[Event "GBR-ch 105th U2050"]
[Site "Hull"]
[Date "2018.08.03"]
[Round "5"]
[White "Kirby, Andrew"]
[Black "Hilton, Tim"]
[Result "1/2-1/2"]
[WhiteElo "1437"]
[BlackElo "1857"]
[PlyCount "45"]
[EventDate "2018.07.30"]
[EventType "swiss"]
[EventRounds "5"]
[EventCountry "ENG"]
[SourceTitle "EXT 2019"]
[Source "ChessBase"]
[SourceDate "2018.10.10"]
[SourceVersion "1"]
[SourceVersionDate "2018.10.10"]
[SourceQuality "1"]

1. c4 Nf6 2. Nc3 g6 3. g3 Bg7 4. Bg2 0-0 5. e4 d6 6. Nge2 c5 7. 0-0 Nc6 8. d3 Ne8 9. f4 Nc7 10. h3 Ne6 11. g4 Ned4 12. f5 Rb8 13. Nxd4 Nxd4 14. Ne2 b5 15. Nxd4 Bxd4+ 16. Kh1 bxc4 17. dxc4 Bd7 18. Bh6 Rxb2 19. Bxf8 Qxf8 20. a3 Qh6 21. fxg6 hxg6 22. Qf3 f6 23. Rab1 1/2-1/2